000 00878nam a22003377b 4500
001 02210715
003 DO-SdBNP
005 20180206110139.0
007 02210715
008 070528s2007 sp | ||| ||spa
015 _a
016 7 _a 0070384959
_2BPMSU
017 _a
_b
020 _a9788408070504
035 _a
040 _aBPMSU
_bspa
_cBPMSU
_e
041 1 _aspa
_h
080 0 _a
100 1 _aOwen, James A.
240 1 0 _aHere, there be dragons
_lEspañol
245 1 0 _aTierra de dragones /
_h
_cJames A. Owen ; traducción, Gemma Gallart
250 _a
260 _aBarcelona:
_bDestino,
_c2007
300 _a366 p.
_c22 cm
490 0 _aLa isla del tiempo
700 _a Gallart, Gemma
_etr.
830 _pLa isla del tiempo
942 _2ddc
_cBK
945 _ainventariado, 2018 / dg
956 _aVMATEO
_210
_3BPMSU
_620160321
_80069
999 _c9361
_d9361